| 000 | 00546nam a2200229Ia 4500 | ||
|---|---|---|---|
| 003 | OSt | ||
| 005 | 20250813094000.0 | ||
| 008 | 210210b2005 xxu||||| |||| 00| 0 eng d | ||
| 020 | _a8121909090 | ||
| 040 | _cAL | ||
| 041 | _aeng | ||
| 082 | _a530.028 AROB | ||
| 100 |
_aArora C L _9235268 |
||
| 245 | _aBSc practical physics Ed 20 | ||
| 250 | _a20 | ||
| 260 |
_aN D _bS Chand & Co Ltd _c2005 |
||
| 300 | _axiv,609p | ||
| 650 |
_aPractical Physics _9235269 |
||
| 690 |
_aPhysics Practical _9235270 |
||
| 906 | _a060512 | ||
| 942 |
_2ddc _cBK |
||
| 999 |
_c107322 _d107322 |
||